Aplikácia predpisov EÚ pre pracovné prostredie ako podmienka udržateľného rozvoja
Zlepšovanie politiky ochrany zdravia a predpisov bezpečnosti práce, ktorá patrí medzi dôležité oblasti záujmu Európskej únie. Zavedenie právnych predpisov a stanovenie minimálnej normy ochrany pracovníkov.
Na minha lista:
| Autor principal: | |
|---|---|
| Formato: | Capítulo de Livro |
| Idioma: | eslovaco |
| Assuntos: | |
| Tags: |
Sem tags, seja o primeiro a adicionar uma tag!
|
MARC
| LEADER | 00000naa$a2200000$$$4500 | ||
|---|---|---|---|
| 001 | 0228761 | ||
| 005 | 20240502083616.4 | ||
| 041 | 0 | |a slo | |
| 044 | |a CZ | ||
| 245 | 1 | 0 | |a Aplikácia predpisov EÚ pre pracovné prostredie ako podmienka udržateľného rozvoja |c Natália Matkovčíková |
| 520 | |a Zlepšovanie politiky ochrany zdravia a predpisov bezpečnosti práce, ktorá patrí medzi dôležité oblasti záujmu Európskej únie. Zavedenie právnych predpisov a stanovenie minimálnej normy ochrany pracovníkov. | ||
| 610 | 2 | 0 | |a Európska únia |
| 610 | 2 | 0 | |a spolupráca medzinárodná |
| 610 | 2 | 0 | |a predpisy právne |
| 610 | 2 | 0 | |a ochrana zdravia |
| 610 | 2 | 0 | |a bezpečnosť práce |
| 610 | 2 | 0 | |a prostredie pracovné |
| 610 | 2 | 0 | |a podmienky pracovné |
| 610 | 2 | 0 | |a normy bezpečnostné |
| 100 | 1 | |a Matkovčíková, Natália, 1982- | |